000
00300nam a2200109Ia 4500
008
230907s9999||||xx |||||||||||||| ||und||
082
_a
621.312134
_b
SER
245
0
_a
Serious microhydro :
260
_a
New Society Publishers,
_b
Gabriola Island, B.C. :
_c
2010
300
_a
xxiv, 327 p. :
942
_c
BK
999
_c
599273
_d
599273